Chamber of Secrets Characters by Words Spoken Quiz Stats

 Plays Quiz not verified by Sporcle

Score 0/20 Timer 05:00
0 Plays Today
Character % Correct
Harry James Potter
100%
Ronald Bilius Weasley
99.4%
Hermione Jean Granger
98.3%
Albus Percival Wulfric Brian Dumbledore
97.7%
George Fabian Weasley
95.3%
Fred Gideon Weasley
95.3%
Minerva McGonagall
94.2%
Rubeus Hagrid
94.2%
Severus Snape
93.6%
Draco Malfoy
91.3%
Character % Correct
Gilderoy Lockhart
90.7%
Molly Weasley
90.7%
Arthur Weasley
90.7%
Percy Ignatius Weasley
86%
Tom Marvolo Riddle/Voldemort
85.5%
Vernon Dursley
77.3%
Dobby
76.2%
Lucius Malfoy
73.8%
Moaning Myrtle
57.6%
Professor Binns
37.8%

You're not logged in!

Compare scores with friends on all Sporcle quizzes.
OR
Log In

You Might Also Like...

Show Comments

Extras

Top Quizzes Today


Score Distribution

Your Account Isn't Verified!

In order to create a playlist on Sporcle, you need to verify the email address you used during registration. Go to your Sporcle Settings to finish the process.

Report this User

Report this user for behavior that violates our Community Guidelines.

Details: